000 00628nam a2200133 a 4500
008 080916s1992 ||||||||||||||||| || u
050 _aTHESIS/STUDENT
100 _aSakala, Limbikani
245 1 0 _aEvaluation of property management practices: a case of Kitwe Main Bus Station (KMB)
260 _aKitwe
_bCopperbelt University, School of Built Environment, Department of Land Economy
_c1992
350 _a0.00
650 _aARCHITECTURAL DESIGN--EVALUATION
995 _D0.00
_FCBU-MAIN LIBRARY (Kitwe)
_H1
_I0.00
_M1
_UAVAILABLE
_WSep 16, 2008
_ZUniversity Collection
999 _c42680
_d42680